| 000 -ლიდერი |
| ფიქსირებული სიგრძის საკონტროლო ველი |
01593nam a22002657a 4500 |
| 003 - საკონტროლო ნომრის იდენტიფიკატორი |
| საკონტროლო ველი |
Ge_BSU |
| 005 - ბოლო ოპერაციის თარიღი და დრო |
| საკონტროლო ველი |
20200901134650.0 |
| 008 - ფიქსირებული სიგრძის მონაცემთა ელემენტები - ზოგადი ინფორმაცია |
| ფიქსირებული სიგრძის საკონტროლო ველი |
200901s2016 ge ||||| |||| 00| 0 geo d |
| 020 ## - წიგნის საერთაშორისო სტანდარტული ნომერი |
| International Standard Book Number |
9789941252297 |
| 041 ## - ენის კოდი |
| Language code of text/sound track or separate title |
geo |
| 080 ## - უნივერსალური ათობითი კლასიფიკაციის ინდექსი |
| Universal Decimal Classification number |
342.4(082) შ-52 |
| 245 ## - ცნობა სათაურის შესახებ |
| Title |
შესავალი საკონსტიტუციო სამართალში: |
| Statement of responsibility, etc |
ვ.გონაშვილი, ქ.ერემაძე, გ.თევდორაშვილი, გ. კახიანი, გ.კვერენჩხილაძე,ნ.ჭიღლაძე;ივ. ჯავახიშვილის სახ.სახ.უნივერსიტეტი. |
| 264 ## - წარმოების, გამოცემის, დისტრიბუციის და სხვა ცნობები |
| გამოცემის, წარმოების, დისტრიბუციის... ადგილი |
(თბ.: |
| გამოცემის, წარმოების, დისტრიბუციის... სახელწოდება |
გამომცემლობა "მერიდიანი", |
| გამოცემის, წარმოების, დისტრიბუციის... თარიღი |
2016. |
| 300 ## - ფიზიკური აღწერა |
| Extent |
505 გვ. |
| Other physical details |
24 სმ. |
| 504 ## - BIBLIOGRAPHY, ETC. NOTE |
| Bibliography, etc |
ბიბლიოგრ. თავების ბოლოს |
| 653 ## - INDEX TERM--UNCONTROLLED |
| Uncontrolled term |
სამართალი |
| 700 ## - ADDED ENTRY--PERSONAL NAME |
| Personal name |
გონაშვილი, ვ . |
| Relator term |
ავტორი |
| 9 (RLIN) |
2853 |
| 700 ## - ADDED ENTRY--PERSONAL NAME |
| Personal name |
ერემაძე, ქეთევან |
| Relator term |
ავტორი |
| 9 (RLIN) |
2904 |
| 700 ## - ADDED ENTRY--PERSONAL NAME |
| Personal name |
თევდორაშვილი, გიორგი |
| Relator term |
ავტორი |
| 9 (RLIN) |
5322 |
| 700 ## - ADDED ENTRY--PERSONAL NAME |
| Personal name |
კახიანი, გიორგი |
| Relator term |
ავტორი |
| 9 (RLIN) |
9363 |
| 700 ## - ADDED ENTRY--PERSONAL NAME |
| Personal name |
კვერენჩხილაძე, გიორგი |
| Relator term |
ავტორი |
| 9 (RLIN) |
5323 |
| 700 ## - ADDED ENTRY--PERSONAL NAME |
| Personal name |
ჭიღლაძე, ნანა |
| Relator term |
ავტორი |
| 9 (RLIN) |
9364 |
| 710 ## - ADDED ENTRY--CORPORATE NAME |
| Corporate name or jurisdiction name as entry element |
ჯავახიშვილის სახ.სახ.უნივერსიტეტი. |
| 9 (RLIN) |
9365 |
| 942 ## - ADDED ENTRY ELEMENTS (KOHA) |
| Source of classification or shelving scheme |
|
| Koha item type |
წიგნი |